| 000 | 00502nam a2200181Ia 4500 | ||
|---|---|---|---|
| 999 |
_c1423 _d1423 |
||
| 003 | OSt | ||
| 005 | 20200924100455.0 | ||
| 008 | 190216s9999||||xx |||||||||||||| ||und|| | ||
| 040 | _coclc | ||
| 082 |
_a576 _bVER/C |
||
| 100 |
_aVerma, P S _94907 |
||
| 245 | 0 |
_aCell Biology, Genetics And Ecology / _cP S Verma ; V K Agarwal |
|
| 250 | _a1st Ed. | ||
| 260 |
_bS Chand & Co, _c1987. _aNew Delhi: |
||
| 300 | _a246p | ||
| 650 | _aBotany | ||
| 942 |
_cBK _2ddc _h576 _iVER/C _k576 _mVER/C |
||